Normal view MARC view
  • TORMENTAS

Entry Materia

Number of records used in: 4

001 - NÚMERO DE CONTROL DEL REGISTRO

  • campo de control: 10952

003 - IDENTIFICADOR DE NUMERO DE CONTROL

  • campo de control: UPN

005 - FECHA Y HORA DE LA ÚLTIMA TRANSACCIÓN

  • campo de control: 20210219193751.0

008 - DATOS DE LONGITUD FIJA

  • campo de control de longitud fija: nabaccnnaabn|||||||||| b |nc|||||d

035 ## - NÚMERO DE CONTROL DEL SISTEMA

  • Número de control del sistema: UPN10000010959

040 ## - FUENTE DE LA CATALOGACIÓN

  • Lengua de catalogación: SPA
  • Agencia de transcripción: UPN

150 ## - ENCABEZAMIENTO - TEMÁTICO

  • Término de materia o nombre geográfico como elemento inicial: TORMENTAS

670 ## - FUENTE EN LA QUE SE LOCALIZARON DATOS

  • Cita de la fuente: E

680 ## - NOTA GENERAL CON DESPLIEGUE PÚBLICO

  • Texto explicativo: Aquí se asientan las obras sobre tormentas en general. Las obras generales sobre tormentas ciclónicas se asientan bajo
  • Encabezamiento: CICLONES.
  • Texto explicativo: Las obras sobre las tormentas ciclónicas de las Antillas se asientan bajo
  • Encabezamiento: HURACANES;
  • Texto explicativo: las de los mares de China y de las Filipinas bajo
  • Encabezamiento: TIFONES

902 ## - CATALOGADOR

  • Catalogador: MEEG/270596